Statistiques concernant Paroles Guerrier Doigby

Cliquez ici pour prendre le quiz!

Statistiques générales

  • Ce quiz a été pris 58 fois
  • Le résultat moyen est 135 sur 228

Statistiques - réponses

Réponse% Correct
de
100%
tu
98%
es
95%
capable
93%
d'accomplir
89%
te
89%
tes
89%
choses
84%
rêves
84%
grandes
80%
réaliser
75%
la
73%
à
70%
des
68%
le
66%
se
66%
ce
64%
seul
64%
ta
64%
dans
61%
pour
61%
si
61%
toi
61%
chambre
59%
ne
59%
barrières
57%
c'est
57%
construire
57%
que
57%
réalité
57%
et
55%
faire
55%
fin
52%
pas
52%
peu
52%
au
50%
il
50%
mettre
50%
dis
48%
en
48%
je
48%
vie
48%
crois
45%
demain
45%
existe
45%
on
45%
valeurs
45%
bats
43%
faut
43%
les
43%
peux
43%
remets
43%
du
41%
fer
41%
personne
41%
soir
41%
fais
39%
linceul
39%
meurt
39%
as
36%
berceau
36%
car
36%
coeur
36%
disent
36%
fera
36%
gens
36%
même
36%
n'écoute
36%
qu'à
36%
ton
36%
avant
34%
bénéfices
34%
gagner
34%
importe
34%
perdre
34%
pleure
34%
risques
34%
sacrifices
34%
sourire
34%
tout
34%
confiance
32%
confort
32%
difficile
32%
garde
32%
objectifs
32%
prendre
32%
rien
32%
rire
32%
terre
32%
toujours
32%
d'apprendre
30%
dépendre
30%
lève
30%
qui
30%
récolte
30%
sous
30%
accomplis
27%
carrière
27%
suis
27%
t'affaiblit
27%
talent
27%
adversaires
25%
l'échec
25%
réussite
25%
travail
25%
trouve
25%
compte
20%
finir
20%
regret
20%
affronte
18%
aucun
18%
l'important
18%
remords
18%
touche
16%
importent
14%
l'échelle
14%

Distribution des résultats

Percentile par nombre de réponses

% des personnes avec chaque résultat

Votre développement - résultats

Vous n’avez pas pris ce quiz